000 00673nam a2200205Ii 4500
003 JO-AjNU
008 230605s9999||||xx |||||||||||||| ||und||
017 _a1983/5180
040 _aJO-AjNU
_bara
_erda
_cJO-AjNU
041 _aara
050 1 4 _aLA11.I7278.1984
100 3 _aالعراقي، سهام محمود,
_eauthor
_936775
245 0 0 _aتاريخ وتطوير إتجاهات الفكر التربوي
264 3 1 _aالقاهرة:مكتبة المعارف الحديثة،1984
300 _a237ص
336 _atext
_btxt
_2rdacontent
337 _aunmediated
_bn
_2rdamedia
338 _avolume
_bnc
_2rdacarrier
650 4 _aالتربية-تاريخ
_936776
999 _aA15309
_c18877
_d18877